Flavins and flavoproteins, 1980 : (Record no. 5073)

000 -LEADER
fixed length control field 00897pam a2200241 a 4500
003 - CONTROL NUMBER IDENTIFIER
control field OSt
005 - DATE AND TIME OF LATEST TRANSACTION
control field 20220404071352.0
008 - FIXED-LENGTH DATA ELEMENTS--GENERAL INFORMATION
fixed length control field 871022s1987 gw a b 101 0 eng
020 ## - INTERNATIONAL STANDARD BOOK NUMBER
International Standard Book Number 0839114982
040 ## - CATALOGING SOURCE
Transcribing agency ALUPE UNIVERSITY
050 00 - LIBRARY OF CONGRESS CALL NUMBER
Classification number QP671.F5
Item number F52 1980
245 00 - TITLE STATEMENT
Title Flavins and flavoproteins, 1980 :
Remainder of title proceedings of the Sixth International Symposium on Flavins and Flavoproteins
Statement of responsibility, etc. editors,Kunio Yagi,Toshio Yamano
260 ## - PUBLICATION, DISTRIBUTION, ETC.
Place of publication, distribution, etc. Tokyo
-- Japan :
Name of publisher, distributor, etc. Japan Scientific Socities Press
Date of publication, distribution, etc. c1980.
300 ## - PHYSICAL DESCRIPTION
Extent xxiii, 740 p. :
Other physical details ill. ;
Dimensions 25 cm.
500 ## - GENERAL NOTE
General note "The Sixth International Symposium on Flavins and Flavoproteins"--Pref.
504 ## - BIBLIOGRAPHY, ETC. NOTE
Bibliography, etc. note Includes bibliographies and indexes.
650 #0 - SUBJECT ADDED ENTRY--TOPICAL TERM
Topical term or geographic name entry element Flavins
General subdivision Congresses.
650 #0 - SUBJECT ADDED ENTRY--TOPICAL TERM
Topical term or geographic name entry element Flavoproteins
General subdivision Congresses.
700 1# - ADDED ENTRY--PERSONAL NAME
Personal name Toshio Yamano
711 2# - ADDED ENTRY--MEETING NAME
Number of part/section/meeting (6th :
Date of meeting or treaty signing 1980 :
906 ## - LOCAL DATA ELEMENT F, LDF (RLIN)
a 7
b cbc
c orignew
d 1
e ocip
f 19
g y-gencatlg
942 ## - ADDED ENTRY ELEMENTS (KOHA)
Source of classification or shelving scheme
Koha item type Book
Suppress in OPAC JO
Holdings
Withdrawn status Lost status Source of classification or shelving scheme Damaged status Not for loan Permanent Location Current Location Shelving location Date acquired Source of acquisition Total Checkouts Full call number Barcode Date last seen Price effective from Koha item type Public note
          AU LIBRARY AU LIBRARY Open Shelf 04.04.2022 DONATION FROM MOI UNIVERSITY   QP671.F5 F52 1980 28007434 04.04.2022 04.04.2022 Book JO

Powered by Koha